India : business perspective..
| Format: | Book |
|---|---|
| Published: |
[New Delhi]:
Economic Co-ordination Unit, Ministry of External Affairs,
[1994].
|
| Subjects: |
| LEADER | 00481cam a2200157 7i4500 | ||
|---|---|---|---|
| 001 | 0000004154 | ||
| 005 | 19991025090000.0 | ||
| 002 | ##000005604 | ||
| 020 | 0 | 0 | |a T000004758 |
| 090 | 0 | 0 | |a INDA 338.7 |b IND |
| 245 | 0 | 0 | |a India : |b business perspective.. |
| 260 | 0 | 0 | |a [New Delhi]: |b Economic Co-ordination Unit, Ministry of External Affairs, |c [1994]. |
| 300 | 0 | 0 | |a 79 p.. |
| 650 | 0 | 0 | |a Business forecasting -- |z India |
| 651 | 0 | 0 | |a India |
| 999 | |a 0000006090 |b Book |c Open shelf |e Business Information Centre | ||